| 000 | 00610nam a2200205Ia 4500 | ||
|---|---|---|---|
| 003 | GCL | ||
| 008 | 140319s9999 xx 000 0 ara d | ||
| 040 |
_aGCL / _cGCL |
||
| 082 | 0 | 4 |
_a250 _bم ش |
| 100 | 1 | _aمالك بن انس | |
| 245 | 1 | 0 |
_aشرح الزرقانى على موطأ الامام مالك / _cمالك بن انس |
| 700 | 1 | _aسيدى محمد الشرقاوى | |
| 260 |
_a[S.N] : _bدار الجيل |
||
| 300 | _a400 ص | ||
| 490 | _a | ||
| 650 | 0 | 4 | _aالشريعة الاسلامية |
| 650 | 0 | 4 | _aالفقه الاسلامى |
| 650 | 0 | 4 | _aالامام مالك |
| 942 |
_2ddc _cBK |
||
| 999 |
_c31059 _d31059 |
||